01285 a2200217 45000010006000000050017000060080041000230030015000640400040000790800128001192450051002470200018002982640033003163000019003495050508003680410008008761000024008847000028009087000032009368560099009684983020260407155759.0260407a2003 arg spa dAR-UNSa-BCEJYS aAR-UNSa-BCEJYSbspacAR-UNSa-BCEJYS a316.421:339.9xOrigen de las sociedades globales y estructura social, económico, político y cultural (Globalización) 10aLos felices 90pla semilla de la destrucción a950-511-903-8 1aBuenos Aires :bTaurusc2003 a415 p.c24 cm. a1. Prosperidad y crisis – 2. ¿Prosperidad milagrosa o aciertos involuntarios? – 3. La omnipotente Reserva Federal y su papel en el crecimiento de la burbuja – 4. Una desregulación desenfrenada – 5. Contabilidad creativa – 6. Los bancos y la burbuja – 7. Rebajas impositivas: Aire para la burbuja – 8. El riesgo como modo de vida – 9. La globalización: primeras incursiones – 10. Enron – 11. Desmontar los mitos – 12. Hacia un nuevo idealismo democrático: visión y valores. aspa1 aStiglitz, Joseph E.1 aGordo del Rey, Victoria1 aRamírez Trapero, Moisés41uhttps://www.biblioeco.unsa.edu.ar/pmb/images/libros/L128208.jpgyImagen de portadaqimage/jpeg